Parchi nazionali d'Italia - Statistics

Statistiche generali
  • Questo quiz è stato fatto 80 volte
  • Il punteggio medio è 11 su 25
Statistiche sulle risposte
Regioni interessate Superficie protette (ha) Parco nazionale % Corretto
Piemonte - Valle d'Aosta 71 043 Parco nazionale del Gran Paradiso
70%
Abruzzo - Lazio - Marche 148 935 Parco nazionale del Gran Sasso e Monti della Laga
68%
Lombardia - Trentino-Alto Adige 130 734 Parco nazionale dello Stelvio
64%
Calabria 73 695 Parco nazionale della Sila
63%
Basilicata - Calabria 192 565 Parco nazionale del Pollino
63%
Abruzzo - Lazio - Molise 49 680 Parco nazionale d'Abruzzo, Lazio e Molise
54%
Calabria 64 545 Parco nazionale dell'Aspromonte
54%
Puglia 121 118 Parco nazionale del Gargano
52%
Abruzzo 74 095 Parco nazionale della Maiella
52%
Campania 8 482 Parco nazionale del Vesuvio
48%
Liguria 3 868 Parco nazionale delle Cinque Terre
46%
Sardegna 73 935 Parco nazionale del Golfo di Orosei e del Gennargentu
45%
Lazio 8 917 Parco nazionale del Circeo
43%
Veneto 31 034 Parco nazionale delle Dolomiti Bellunesi
39%
Campania 181 048 Parco nazionale del Cilento, Vallo di Diano e Alburni
38%
Sardegna 5 134 Parco nazionale dell'Arcipelago di La Maddalena
38%
Emilia-Romagna - Toscana 36 843 Parco nazionale delle Foreste Casentinesi, Monte Falterona e Campigna
36%
Emilia-Romagna - Toscana 26 149 Parco nazionale dell'Appennino Tosco-Emiliano
34%
Marche - Umbria 71 437 Parco nazionale dei Monti Sibillini
32%
Toscana 17 690 Parco nazionale dell'Arcipelago Toscano
29%
Sassari 5 170 Parco nazionale dell'Asinara
29%
Puglia 68 077 Parco nazionale dell'Alta Murgia
25%
Sicilia 6 560 Parco nazionale dell'Isola di Pantelleria
25%
Basilicata 68 996 Parco nazionale dell'Appennino Lucano Val d'Agri Lagonegrese
23%
Piemonte 14 598 Parco nazionale della Val Grande
21%
Nessun quiz corrispondente trovato
Distribuzione punteggi
Percentuale di utenti per punteggio
Percentile per numero di risposta
I tuoi punteggi nel tempo
Non hai fatto questo quiz